All Blue Lock Characters - Statistics

General Stats
  • This quiz has been taken 58 times
  • The average score is 44 of 70
Answer Stats
Hint Answer % Correct
Blue Lock Creator Jinpachi Ego
100%
Blue Lock #1 NEL Yoichi Isagi
98%
Blue Lock #6 NEL Hyoma Chigiri
95%
Blue Lock #1 NEL Itoshi Rin
95%
Blue Lock Manager Anri Teieri
93%
Blue Lock #7 NEL Reo Mikage
93%
Blue Lock #3 NEL Ryusei Shidou
93%
Blue Lock #24 NEL Seishiro Nagi
93%
Paris X Gen Master Julian Loki
90%
New Gen 11 Michael Kaiser
90%
Blue Lock #4 NEL Shoei Barou
90%
Blue Lock #5 NEL Meguru Bachira
88%
Blue Lock #8 NEL Rensuke Kunigami
88%
New Gen 11 Itoshi Sae
86%
Blue Lock #13 NEL Jyubei Aryu
86%
Bastard Munchen Master Noel Noa
86%
Blue Lock #10 NEL Oliver Aiku
86%
New Gen 11 Don Lorenzo
83%
Blue Lock #37 NEL Gurimu Igarashi
83%
Blue Lock #14 NEL Kenyu Yukimiya
83%
FC Barcha Master Lavinho
83%
Blue Lock #9 NEL Eita Otoya
81%
Blue Lock #12 NEL Gin Gagamaru
81%
Blue Lock #23 NEL Nijiro Nanase
81%
Blue Lock #11 NEL Tabito Karasu
81%
Manshine City Master Chris Prince
79%
Blue Lock #15 NEL Ikki Niko
79%
Blue Lock #21 NEL Jingo Raichi
79%
Ubers Master Marc Snuffy
79%
Blue Lock #16 NEL Yo Hiori
79%
Blue Lock #19 NEL Zantetsu Tsurugi
79%
Blue Lock #18 NEL Ranze Kurona
76%
World Five England Adam Blake
71%
World Five Brasil Dada Silva
71%
World Five Spain Leonardo Luna
71%
Blue Lock #17 NEL Shuto Sendo
69%
New Gen 11 Bunny Iglesias
67%
Blue Lock Team Z Okuhito Iemon
67%
Blue Lock #20 NEL Gen Fukaku
64%
Blue Lock #22 NEL Jin Kiyora
64%
Blue Lock Team Z Wataru Kuon
64%
Blue Lock #25 NEL Aoshi Tokimitsu
60%
Blue Lock #30 NEL Junichi Wanima
57%
Blue Lock Team W Keisuke Wanima
57%
Blue Lock Team Z Asahi Naruhaya
55%
Japan Football Union's Chairman Hirotoshi Buratsuta
52%
Blue Lock Team Z Ryosuke Kira
50%
Blue Lock #28 NEL Miroku Darai
43%
Blue Lock NEL Teppei Neru
43%
Blue Lock Team Y Hibiki Okawa
40%
Blue Lock #33 NEL Kento Cho
38%
Blue Lock #31 NEL Aiki Himizu
36%
Blue Lock #36 NEL Hajime Nishioka
36%
Blue Lock #26 NEL Haru Hayate
36%
Blue Lock #27 NEL Kazuma Nio
36%
World Five Argentina Pablo Cavasoz
36%
Blue Lock #35 NEL Teru Kitsunezato
31%
Blue Lock #32 NEL Shizuka Haiji
29%
Blue Lock #34 NEL Itsuki Wakatsuki
26%
Blue Lock #29 NEL Reiji Hiiragi
26%
Blue Lock NEL Taiga Tsunzaki
26%
Blue Lock NEL Yukio Ishikari
26%
Blue Lock NEL Akira Endoji
24%
Blue Lock NEL Haruhiko Yuzu
24%
Blue Lock NEL Kairu Saramadara
24%
Blue Lock NEL Kyohei Shiguma
21%
Blue Lock NEL Tetsu Sokura
21%
Blue Lock NEL Shingen Tanaka
19%
Blue Lock Team V Ryo Nameoka
12%
Blue Lock Team Z Yuda Imamura
7%
No matching quizzes found
Score Distribution
Percent of People with Each Score
Percentile by Number Answered
Your Score History
You have not taken this quiz